[Event "Sparkassen-Open A"]
[Site "Heusenstamm, Martinsee"]
[Date "2016.11.27"]
[Round "1.49"]
[White "Rubina, Tatiana"]
[Black "Hahn, Florian"]
[Result "1/2-1/2"]
[WhiteElo "1875"]
[BlackElo "2139"]
[PlyCount "92"]
[EventDate "2016.??.??"]
[WhiteTeam "SK Mannheim"]
[BlackTeam "SC Herborn"]

1. e4 c5 2. d3 e6 3. Nf3 Nc6 4. g3 d5 5. Nbd2 Nge7 6. Bg2 g6 7. O-O Bg7 8. c3
O-O 9. Qe2 e5 10. Rd1 Re8 11. Nf1 h6 12. h4 Be6 13. N3h2 Qd7 14. h5 Rad8 15.
hxg6 fxg6 16. Bf3 Rf8 17. exd5 Nxd5 18. Be4 Nde7 19. Be3 b6 20. Qd2 Kh7 21. Qc2
Nf5 22. Bc1 Rf7 23. Ne3 Nd6 24. Bg2 Rdf8 25. Rd2 Nf5 26. Nhf1 Rd8 27. Qa4 Nfe7
28. Be4 Rdf8 29. Qd1 Nf5 30. Qa4 Nfe7 31. Qd1 b5 32. Qh5 Nf5 33. Qh1 Nce7 34.
Ng2 Nd6 35. Ne1 Nxe4 36. dxe4 Qc6 37. Ne3 Nc8 38. Nd5 Nd6 39. b3 c4 40. Ba3 Rd8
41. Rad1 Rfd7 42. f3 cxb3 43. axb3 Bxd5 44. Rxd5 Qxc3 45. Kf1 Rc7 46. Qh3 a5
1/2-1/2

[Event "Sparkassen-Open A"]
[Site "Heusenstamm, Martinsee"]
[Date "2016.11.27"]
[Round "1.50"]
[White "Köllner, Christof"]
[Black "Paskalutsa, Vladimir"]
[Result "1/2-1/2"]
[WhiteElo "2138"]
[BlackElo "1868"]
[PlyCount "100"]
[EventDate "2016.??.??"]
[WhiteTeam "SV Bergneustadt/Derschlag"]
[BlackTeam "SF Mainz"]

1. d4 Nf6 2. Nf3 e6 3. Nbd2 d5 4. e3 c5 5. c3 Bd6 6. Bd3 cxd4 7. exd4 O-O 8.
O-O Nbd7 9. Re1 b6 10. Ne5 Bb7 11. f4 g6 12. Qf3 Nh5 13. Bb5 Ndf6 14. g4 Ng7
15. Bd3 Nd7 16. Qh3 f5 17. Ndf3 Nf6 18. Ng5 Qe7 19. Qh6 Bc8 20. Re3 fxg4 21.
Bxg6 Nf5 22. Bxf5 exf5 23. Nef7 Qxe3+ 24. Bxe3 Rxf7 25. Nxf7 Kxf7 26. Bf2 Bf8
27. Qh4 Ba6 28. a4 Bd3 29. a5 b5 30. a6 Re8 31. Re1 Be4 32. Qg3 Re6 33. Qe3
Rxa6 34. Qe2 Rb6 35. Ra1 a6 36. Bh4 Nh5 37. Qf2 Bd6 38. Bg3 Bc7 39. Qd2 Rc6 40.
b4 Nxg3 41. hxg3 Rh6 42. Qa2 Rh1+ 43. Kf2 Rh2+ 44. Ke3 Rxa2 45. Rxa2 Ke7 46.
Rxa6 Kd7 47. Rh6 Bd6 48. Rxh7+ Kc6 49. Ra7 Kb6 50. Rd7 Kc6 1/2-1/2

[Event "Sparkassen-Open A"]
[Site "Heusenstamm, Martinsee"]
[Date "2016.11.27"]
[Round "1.51"]
[White "Tojcic, Josip"]
[Black "Tornay Gomez, Josu"]
[Result "0-1"]
[WhiteElo "1850"]
[BlackElo "2121"]
[PlyCount "58"]
[EventDate "2016.??.??"]
[WhiteTeam "Frankfurter TV"]
[BlackTeam "SC Herborn"]

1. e4 c5 2. Nf3 g6 3. d4 cxd4 4. Nxd4 Nc6 5. Nc3 Bg7 6. Be3 Nf6 7. f3 O-O 8.
Bc4 Qb6 9. Bb3 Nxe4 10. Nxe4 Bxd4 11. Bh6 Bg7 12. Bxg7 Kxg7 13. Qd2 Qd4 14.
O-O-O Qxd2+ 15. Rxd2 d6 16. h4 h6 17. c3 Na5 18. Re2 Nxb3+ 19. axb3 Be6 20. Nd2
Rfc8 21. b4 a5 22. bxa5 Rxa5 23. Ree1 b5 24. Ne4 b4 25. g4 d5 26. Nd2 bxc3 27.
bxc3 Rxc3+ 28. Kb2 Rc8 29. Rc1 Rb5+ 0-1

[Event "Sparkassen-Open A"]
[Site "Heusenstamm, Martinsee"]
[Date "2016.11.27"]
[Round "1.52"]
[White "Schröder, Jürgen"]
[Black "Kail, Sindy"]
[Result "1-0"]
[WhiteElo "2108"]
[BlackElo "1848"]
[PlyCount "51"]
[EventDate "2016.??.??"]
[WhiteTeam "SC Matt im Park"]
[BlackTeam "SK Klingenberg"]

1. e4 c5 2. Nf3 d6 3. d3 Nc6 4. g3 g6 5. Bg2 Bg7 6. O-O e6 7. Nbd2 Nge7 8. a4
O-O 9. Nc4 d5 10. Ne3 b6 11. c3 Ba6 12. exd5 Nxd5 13. Nxd5 exd5 14. Bg5 Qd7 15.
Qd2 Na5 16. Ra3 Rac8 17. b4 f6 18. bxa5 fxg5 19. Nxg5 Rce8 20. axb6 axb6 21.
Re1 Rxe1+ 22. Qxe1 Re8 23. Bxd5+ Kh8 24. Qxe8+ Qxe8 25. Nf7+ Qxf7 26. Bxf7 1-0

[Event "Sparkassen-Open A"]
[Site "Heusenstamm, Martinsee"]
[Date "2016.11.27"]
[Round "1.53"]
[White "Lukas, Hubertus"]
[Black "Chandler, Patrick"]
[Result "0-1"]
[WhiteElo "1816"]
[BlackElo "2107"]
[PlyCount "108"]
[EventDate "2016.??.??"]
[WhiteTeam "SC Siersburg"]
[BlackTeam "SC Nied"]

1. e3 e5 2. Nc3 Nf6 3. g4 d5 4. g5 Ng8 5. Bg2 c6 6. h4 h6 7. d4 hxg5 8. dxe5
gxh4 9. f4 g5 10. e4 g4 11. exd5 h3 12. Be3 Nh6 13. Be4 Qh4+ 14. Kd2 Bf5 15.
Qe1 Qxe1+ 16. Rxe1 Bb4 17. Bd4 Bxe4 18. Rxe4 cxd5 19. Re3 Nf5 20. Nge2 Nc6 21.
Rd3 Ncxd4 22. Nxd4 Nxd4 23. Rxd4 g3 24. Rxb4 g2 25. Rg1 h2 26. Rxg2 h1=Q 27.
Re2 O-O-O 28. e6 fxe6 29. Rxe6 Rh2+ 30. Ne2 d4 31. b3 Qf3 32. Rc4+ Kb8 33. Kd1
d3 34. cxd3 Rxd3+ 35. Kc1 Qf1+ 36. Kb2 Qxe2+ 37. Rxe2 Rxe2+ 38. Ka3 b5 39. Rc5
a6 40. Rg5 Rd4 41. Rg8+ Kc7 42. Rg7+ Kd8 43. Rg8+ Ke7 44. Rb8 Rxf4 45. Rb7+ Kf6
46. Rb6+ Re6 47. Rb8 Rf5 48. Kb4 Rf4+ 49. Ka5 Ke5 50. b4 Rf3 51. a4 Ra3 52.
Rxb5+ axb5 53. Kxb5 Kd5 54. a5 Re8 0-1

[Event "Sparkassen-Open A"]
[Site "Heusenstamm, Martinsee"]
[Date "2016.11.27"]
[Round "1.54"]
[White "Bethke, Richard"]
[Black "Schellen, Sven"]
[Result "0-1"]
[WhiteElo "2104"]
[BlackElo "1845"]
[PlyCount "70"]
[EventDate "2016.??.??"]
[WhiteTeam "SC Gelnhausen"]
[BlackTeam "SF Frankfurt"]

1. e4 e5 2. Nf3 Nc6 3. Bc4 Nf6 4. d3 Bc5 5. c3 O-O 6. Nbd2 d6 7. Bb3 Bb6 8. h3
Ne7 9. Nf1 Ng6 10. Ng3 Be6 11. Nh2 h6 12. Ng4 Qe7 13. Be3 Nxg4 14. hxg4 Bxe3
15. fxe3 Qg5 16. Qe2 Bxg4 17. Qf2 c6 18. Kd2 Rad8 19. Bd1 d5 20. Bxg4 Qxg4 21.
Kc2 dxe4 22. dxe4 Rd6 23. Rad1 Rfd8 24. Rxd6 Rxd6 25. Kc1 Nh4 26. Rg1 Rg6 27.
Ne2 Qxe4 28. g4 Rxg4 29. Rd1 Nf5 30. Rd2 Nxe3 31. Qe1 h5 32. Ng1 Rf4 33. Re2
Qf5 34. Qg3 Rf1+ 35. Kd2 Nc4# 0-1

[Event "Sparkassen-Open A"]
[Site "Heusenstamm, Martinsee"]
[Date "2016.11.27"]
[Round "1.55"]
[White "Schubert, Wolfgang"]
[Black "Khudovekov, Stanislav"]
[Result "0-1"]
[WhiteElo "1845"]
[BlackElo "2104"]
[PlyCount "56"]
[EventDate "2016.??.??"]
[WhiteTeam "Wiesbadener SV"]
[BlackTeam "SK Smolensk"]

1. e4 Nc6 2. d4 d6 3. Bb5 a6 4. Be2 Nf6 5. Bf3 g6 6. Ne2 Bg7 7. O-O O-O 8. Re1
e5 9. c3 h6 10. Ng3 Nh7 11. dxe5 dxe5 12. Be3 Qe7 13. Nd2 Be6 14. Qc2 f5 15.
exf5 gxf5 16. b4 Qf7 17. Bxc6 bxc6 18. Bc5 Rfe8 19. f3 Nf8 20. Nb3 h5 21. Na5
h4 22. Nf1 Nd7 23. Bf2 h3 24. Nd2 hxg2 25. Kxg2 e4 26. Bd4 exf3+ 27. Kf2 Qh5
28. Rg1 Qxh2+ 0-1

[Event "Sparkassen-Open A"]
[Site "Heusenstamm, Martinsee"]
[Date "2016.11.27"]
[Round "1.56"]
[White "Rosenberger, Frank"]
[Black "Köllner, Aaron Noah"]
[Result "1-0"]
[WhiteElo "2104"]
[BlackElo "1843"]
[PlyCount "93"]
[EventDate "2016.??.??"]
[WhiteTeam "SK Gernsheim"]
[BlackTeam "SV Bergneustadt/Derschlag"]

1. e4 d6 2. d4 Nf6 3. Nc3 e5 4. Nf3 exd4 5. Nxd4 Be7 6. Bc4 O-O 7. O-O a6 8.
Re1 c5 9. Nde2 Nc6 10. a4 Nb4 11. Nf4 Re8 12. h3 Bd7 13. Ncd5 Nbxd5 14. Nxd5
Nxd5 15. Bxd5 Bc6 16. Bxc6 bxc6 17. Bf4 Qb6 18. e5 d5 19. b3 Bf8 20. Re3 Re6
21. Qh5 g6 22. Qh4 Bg7 23. Qg3 Rae8 24. Rae1 Qb4 25. R1e2 c4 26. h4 cxb3 27.
cxb3 c5 28. h5 gxh5 29. Rf3 Rg6 30. Qh3 Qd4 31. Re1 Rg4 32. g3 Rg6 33. Qxh5 Qb4
34. Kf1 c4 35. bxc4 Qxc4+ 36. Kg2 Qxa4 37. Qf5 Qb4 38. Bd2 Qb7 39. Rb1 Qe7 40.
Bf4 Qe6 41. Qd3 Bxe5 42. Bxe5 Rh6 43. Rf5 Qg6 44. Qf3 Rxe5 45. Rb8+ Kg7 46.
Rxe5 Qd6 47. Ree8 1-0

[Event "Sparkassen-Open A"]
[Site "Heusenstamm, Martinsee"]
[Date "2016.11.27"]
[Round "1.57"]
[White "Reinhold, Günther"]
[Black "Karsay, Pascal"]
[Result "0-1"]
[WhiteElo "1834"]
[BlackElo "2099"]
[PlyCount "70"]
[EventDate "2016.??.??"]
[WhiteTeam "Frankfurter TV"]
[BlackTeam "Vorw.Orient Mainz"]

1. e4 c5 2. Be2 Nc6 3. f4 g6 4. Nf3 Bg7 5. O-O d6 6. d3 e6 7. c3 Nge7 8. Na3 d5
9. Nc2 b6 10. Be3 Ba6 11. Qe1 c4 12. dxc4 dxe4 13. Ng5 Nf5 14. Rd1 Qc7 15. Nxe4
Nxe3 16. Nd6+ Ke7 17. Nxe3 Rad8 18. Nb5 Qb8 19. Qh4+ Bf6 20. Qh3 Rxd1 21. Bxd1
Qd8 22. Bf3 Na5 23. Rd1 Qb8 24. g3 Nxc4 25. Nxc4 Bxb5 26. Ne3 Rd8 27. Re1 Rd2
28. Nd5+ Rxd5 29. Bxd5 Qd6 30. Qg2 Qc5+ 31. Qf2 Qxd5 32. a3 Bc6 33. Kf1 Kf8 34.
h4 h5 35. Ke2 Bb5+ 0-1

[Event "Sparkassen-Open A"]
[Site "Heusenstamm, Martinsee"]
[Date "2016.11.27"]
[Round "1.58"]
[White "Karimi, Farhad"]
[Black "Berkes, Jörg"]
[Result "1-0"]
[WhiteElo "2096"]
[BlackElo "1833"]
[PlyCount "63"]
[EventDate "2016.??.??"]
[WhiteTeam "Satranç Club"]
[BlackTeam "SK Langen"]

1. d4 Nf6 2. c4 g6 3. Nc3 Bg7 4. e4 d6 5. h3 O-O 6. Be3 e5 7. d5 a5 8. Nf3 Na6
9. Be2 Nh5 10. g3 f5 11. exf5 gxf5 12. Bg5 Qe8 13. Nh4 Nf6 14. Qd2 Nc5 15. f3
e4 16. O-O-O exf3 17. Bxf3 Nfe4 18. Bxe4 fxe4 19. Be3 Nd3+ 20. Kb1 Bd7 21. g4
b5 22. cxb5 Bxb5 23. Nf5 Rxf5 24. gxf5 Rb8 25. Rdg1 Kh8 26. Rxg7 Kxg7 27. Rg1+
Kf7 28. Bd4 Ne5 29. Qh6 Qh8 30. Qe6+ Kf8 31. Nxb5 c6 32. Qxd6+ 1-0

[Event "Sparkassen-Open A"]
[Site "Heusenstamm, Martinsee"]
[Date "2016.11.27"]
[Round "1.59"]
[White "Mager, Thomas"]
[Black "Benninger, Rudolf"]
[Result "0-1"]
[WhiteElo "1832"]
[BlackElo "2085"]
[PlyCount "94"]
[EventDate "2016.??.??"]
[WhiteTeam "vereinslos"]
[BlackTeam "SC Heusenstamm"]

1. c4 g6 2. g3 Bg7 3. Bg2 c5 4. Nc3 Nc6 5. d3 e6 6. e4 Nge7 7. Nge2 d6 8. O-O
O-O 9. Be3 Nd4 10. Qd2 Bd7 11. Bh6 Bc6 12. Bxg7 Kxg7 13. b4 b6 14. b5 Bb7 15.
f4 a5 16. Nxd4 cxd4 17. Ne2 e5 18. f5 Ng8 19. g4 Nf6 20. g5 Ng4 21. f6+ Kg8 22.
Qe1 h5 23. Qh4 Kh7 24. Ng3 Rh8 25. Nxh5 Ne3 26. Ng7+ Kg8 27. Qg3 Nxf1 28. Rxf1
Qd7 29. Nf5 gxf5 30. exf5 Bxg2 31. Qxg2 Ra7 32. g6 fxg6 33. fxg6 Qe6 34. Qg5 e4
35. dxe4 Qe5 36. Qxe5 dxe5 37. h4 Ra8 38. c5 Rxh4 39. g7 bxc5 40. b6 Kf7 41.
Kg2 Rb8 42. Rf5 Rxb6 43. Kg3 Rh6 44. Rxe5 Rg6+ 45. Kh4 Rbxf6 46. Rxc5 Rxg7 47.
Rxa5 Rh6+ 0-1

[Event "Sparkassen-Open A"]
[Site "Heusenstamm, Martinsee"]
[Date "2016.11.27"]
[Round "1.61"]
[White "Blank, Stefan"]
[Black "Everett, Elijah"]
[Result "0-1"]
[WhiteElo "1828"]
[BlackElo "2083"]
[PlyCount "94"]
[EventDate "2016.??.??"]
[WhiteTeam "SC Sulzbach"]
[BlackTeam "SF Schöneck"]

1. e4 c5 2. Nf3 d6 3. g3 g6 4. Bg2 Bg7 5. O-O e5 6. d3 Ne7 7. c3 O-O 8. d4 Qc7
9. dxe5 dxe5 10. Qe2 b5 11. a4 bxa4 12. Rxa4 Bd7 13. Ra1 c4 14. Na3 Rc8 15. Re1
f6 16. Bf1 Be6 17. Qc2 Nd7 18. Be3 Nc6 19. Nd2 Na5 20. Nb5 Qd8 21. Nxa7 Nb3 22.
Rad1 Nxd2 23. Qxd2 Rc7 24. Nb5 Rc6 25. Na3 Qc8 26. f4 Nc5 27. Qc2 Na4 28. f5
gxf5 29. exf5 Bxf5 30. Qd2 Rb8 31. Bg2 Rc7 32. Bd5+ Be6 33. Rb1 Bf8 34. Qd1
Bxd5 35. Qxd5+ Kh8 36. Nc2 Qb7 37. Qe6 Qc6 38. Qf5 Rcb7 39. Nb4 Bxb4 40. cxb4
Rxb4 41. Red1 R4b7 42. Rf1 Rb3 43. Bh6 c3 44. Rf2 cxb2 45. Rbf1 b1=Q 46. Qg4
Rg8 47. Qh4 Qbe4 0-1

[Event "Sparkassen-Open A"]
[Site "Heusenstamm, Martinsee"]
[Date "2016.11.27"]
[Round "1.62"]
[White "Poghosyan, Tigran"]
[Black "Fröhlich-Dill, Astrid"]
[Result "1-0"]
[WhiteElo "2080"]
[BlackElo "1827"]
[PlyCount "53"]
[EventDate "2016.??.??"]
[WhiteTeam "Lübecker SV"]
[BlackTeam "SV Hofheim"]

1. e4 e6 2. d4 b6 3. Nf3 Bb7 4. Bd3 Nf6 5. Qe2 Be7 6. O-O c5 7. c4 cxd4 8. Nxd4
O-O 9. e5 Ne8 10. Qh5 f5 11. exf6 Nxf6 12. Qh3 Nc6 13. Nxc6 Bxc6 14. Nc3 Qc7
15. Bg5 h6 16. Be3 Qe5 17. Bg6 Bc5 18. Rae1 Bxe3 19. Rxe3 Qd4 20. b3 Qg4 21.
Qxg4 Nxg4 22. Re2 Rf4 23. f3 Nf6 24. Rd2 Rf8 25. Ne2 Rh4 26. g3 Rh3 27. Nf4 1-0

[Event "Sparkassen-Open A"]
[Site "Heusenstamm, Martinsee"]
[Date "2016.11.27"]
[Round "1.63"]
[White "Schmieder, Stefan"]
[Black "Eggenstein, Frank"]
[Result "1/2-1/2"]
[WhiteElo "1821"]
[BlackElo "2077"]
[PlyCount "66"]
[EventDate "2016.??.??"]
[WhiteTeam "SC Bad Soden"]
[BlackTeam "SV Erkenschwick"]

1. e4 e6 2. d4 d5 3. Nd2 c5 4. exd5 Qxd5 5. Ngf3 cxd4 6. Bc4 Qd7 7. O-O Nf6 8.
Nb3 Nc6 9. Nbxd4 Nxd4 10. Nxd4 Qc7 11. b3 a6 12. Bb2 Be7 13. Qe2 O-O 14. Bd3
Nd5 15. Qh5 g6 16. Qh6 Bf6 17. g3 e5 18. Nf3 Re8 19. Ng5 Bxg5 20. Qxg5 f6 21.
Qh4 Qf7 22. Rad1 Be6 23. c4 Nb4 24. Bb1 Rad8 25. f4 Rxd1 26. Rxd1 Nc6 27. Be4
Qe7 28. fxe5 fxe5 29. Qxe7 Rxe7 30. Rd6 Bd7 31. Kf2 Be8 32. Ke3 Kg7 33. Bc3 Kh6
1/2-1/2

[Event "Sparkassen-Open A"]
[Site "Heusenstamm, Martinsee"]
[Date "2016.11.27"]
[Round "1.64"]
[White "Von Auer, Ulrich"]
[Black "Eg, Karlheinz"]
[Result "0-1"]
[WhiteElo "2077"]
[BlackElo "1820"]
[PlyCount "78"]
[EventDate "2016.??.??"]
[WhiteTeam "SF Frankfurt"]
[BlackTeam "SV Rüsselsheim"]

1. d4 Nf6 2. c4 g6 3. Nc3 d5 4. Nf3 Bg7 5. Qb3 c6 6. Bf4 O-O 7. e3 Qa5 8. Be2
e6 9. O-O Nbd7 10. Qc2 Re8 11. a3 dxc4 12. Bxc4 b5 13. b4 Qb6 14. Bd3 Bf8 15.
Ne4 Nxe4 16. Bxe4 Bb7 17. Qb2 a5 18. Bd3 axb4 19. axb4 Ra4 20. Rxa4 bxa4 21.
Rb1 Ba6 22. Bxa6 Qxa6 23. Bc7 Nb6 24. Ne5 Rc8 25. Bxb6 Qxb6 26. Nd7 Qb5 27.
Nxf8 Rxf8 28. g3 Ra8 29. Qa3 e5 30. dxe5 Qxe5 31. Rd1 Qb5 32. h4 h5 33. Rd6 Rb8
34. Qa2 Qxb4 35. Rxg6+ Kf8 36. Rxc6 Qe1+ 37. Kg2 Rb1 38. Qa3+ Ke8 39. Kf3 Qh1+
0-1

[Event "Sparkassen-Open A"]
[Site "Heusenstamm, Martinsee"]
[Date "2016.11.27"]
[Round "1.65"]
[White "Flach, Helene"]
[Black "Hohlbein, Michael"]
[Result "1/2-1/2"]
[WhiteElo "1820"]
[BlackElo "2076"]
[PlyCount "100"]
[EventDate "2016.??.??"]
[WhiteTeam "SK Langen"]
[BlackTeam "SK Marmstorf"]

1. e4 c5 2. Nf3 Nf6 3. e5 Nd5 4. Bc4 Nb6 5. Be2 Nc6 6. c3 d6 7. d4 cxd4 8. cxd4
dxe5 9. dxe5 Qxd1+ 10. Bxd1 Bg4 11. Nbd2 e6 12. O-O Rd8 13. a3 Nd7 14. Nc4 b5
15. Nd6+ Bxd6 16. exd6 Nf6 17. Bf4 O-O 18. Rc1 Bxf3 19. Bxf3 Nd4 20. Bd1 Nd5
21. Be5 Nf5 22. Rc6 f6 23. Bg3 Nxg3 24. hxg3 Rd7 25. Bb3 Rfd8 26. Rc5 a6 27.
Bxd5 exd5 28. Rxd5 Rxd6 29. Rc5 Rd2 30. Rc6 a5 31. Rb1 Rd1+ 32. Rxd1 Rxd1+ 33.
Kh2 Rd2 34. b3 Rd3 35. Ra6 Rxb3 36. Rxa5 Kf7 37. a4 b4 38. Rb5 Ke6 39. f3 Kd6
40. g4 g6 41. Kg3 Rb1 42. Kh2 b3 43. Kg3 b2 44. Kf2 Kc6 45. Kg3 h6 46. Kh2 h5
47. Kg3 h4+ 48. Kf4 Kd6 49. a5 Kc6 50. Rb8 Kc7 1/2-1/2

[Event "Sparkassen-Open A"]
[Site "Heusenstamm, Martinsee"]
[Date "2016.11.27"]
[Round "1.66"]
[White "Mährlein, Christoph"]
[Black "Reinecke, Katharina"]
[Result "1/2-1/2"]
[WhiteElo "2074"]
[BlackElo "1804"]
[PlyCount "59"]
[EventDate "2016.??.??"]
[WhiteTeam "SC Pforzheim"]
[BlackTeam "SK Langen"]

1. c4 c6 2. e4 d5 3. exd5 cxd5 4. d4 Nf6 5. Nc3 e6 6. Nf3 Be7 7. Bd3 O-O 8. O-O
Nc6 9. a3 b6 10. Bf4 Bb7 11. b4 dxc4 12. Bxc4 Rc8 13. Qd3 Qd7 14. Rad1 Rfd8 15.
Bb5 Nd5 16. Nxd5 Qxd5 17. Bc4 Qd7 18. Rfe1 Bf6 19. Ng5 Bxg5 20. Bxg5 Re8 21.
Re3 Ne7 22. Bxe7 Rxe7 23. Ba2 Bd5 24. Bb1 g6 25. h4 Qd8 26. h5 Rec7 27. hxg6
hxg6 28. Rg3 Qf6 29. Qd2 Kg7 30. Rh3 1/2-1/2

[Event "Sparkassen-Open A"]
[Site "Heusenstamm, Martinsee"]
[Date "2016.11.27"]
[Round "1.67"]
[White "Schimmer, Michael"]
[Black "Pfeffer, Marko"]
[Result "0-1"]
[WhiteElo "1815"]
[BlackElo "2071"]
[PlyCount "116"]
[EventDate "2016.??.??"]
[WhiteTeam "SC Frankfurt-West"]
[BlackTeam "SC Bergen-Enkheim"]

1. e4 Nc6 2. Nf3 d6 3. d4 Nf6 4. Nc3 Bg4 5. Be3 e6 6. Qd2 a6 7. Be2 Be7 8.
O-O-O d5 9. e5 Nd7 10. h3 Bxf3 11. gxf3 Nb6 12. Rhg1 g6 13. Bh6 Rg8 14. Kb1 Qd7
15. Qf4 Na5 16. Bd3 Nac4 17. h4 O-O-O 18. Qxf7 Nxb2 19. Rc1 Nxd3 20. cxd3 Bxh4
21. Qxd7+ Rxd7 22. Be3 Rf7 23. f4 Rgf8 24. Rh1 Be7 25. Kb2 Kd7 26. Kb3 a5 27.
a3 Ra8 28. Bd2 a4+ 29. Ka2 Rg8 30. Rc2 h5 31. Rh2 Rff8 32. Be3 Ra8 33. Rb2 h4
34. f3 Raf8 35. Rbg2 g5 36. fxg5 Rxf3 37. Nd1 h3 38. Rg4 Ke8 39. g6 Nd7 40. Rf2
Rxf2+ 41. Nxf2 h2 42. Bf4 c5 43. Bxh2 cxd4 44. Bg3 Bf8 45. Rg5 Bh6 46. Rg4 Nf8
47. Rxd4 Rxg6 48. Ng4 b5 49. Bh4 Nd7 50. Be1 Bg7 51. Bg3 Nc5 52. Bh4 Nxd3 53.
Bf6 Nc5 54. Bxg7 Rxg7 55. Nf6+ Kf7 56. Rf4 Rg2+ 57. Kb1 Nd3 58. Rf1 Ke7 0-1

[Event "Sparkassen-Open A"]
[Site "Heusenstamm, Martinsee"]
[Date "2016.11.27"]
[Round "1.68"]
[White "Weil, Volker"]
[Black "Bachmann, Nick"]
[Result "1/2-1/2"]
[WhiteElo "2071"]
[BlackElo "1803"]
[PlyCount "90"]
[EventDate "2016.??.??"]
[WhiteTeam "SC Steinbach"]
[BlackTeam "SG Wächtersbach"]

1. d4 Nf6 2. Nf3 g6 3. g3 Bg7 4. Bg2 d6 5. O-O O-O 6. c4 Nbd7 7. Nc3 Re8 8. e4
e5 9. h3 h6 10. Re1 a6 11. a4 Kh7 12. Be3 b6 13. Qc2 Bb7 14. d5 Rb8 15. Nd2 a5
16. Nb5 Nc5 17. Rad1 Ba6 18. Nb1 Nh5 19. Bxc5 Bxb5 20. cxb5 dxc5 21. Bf3 Nf6
22. Nd2 Bf8 23. Nc4 Bd6 24. g4 Nd7 25. Kf1 Qg5 26. Ne3 Qf4 27. Ke2 Kg7 28. h4
Rh8 29. Rh1 Qf6 30. Rdg1 Rbf8 31. Rg3 Rfg8 32. Qd2 c4 33. Nxc4 Nc5 34. Qc2 Kf8
35. Bg2 Ke8 36. Ne3 Qg7 37. Nd1 h5 38. g5 Rf8 39. Ne3 Rhg8 40. Bh3 f6 41. Bg2
Qf7 42. Rf3 Qe7 43. Rg3 Qf7 44. Rf3 Qe7 45. Rg3 Qf7 1/2-1/2

[Event "Sparkassen-Open A"]
[Site "Heusenstamm, Martinsee"]
[Date "2016.11.27"]
[Round "1.69"]
[White "Binner, Peter"]
[Black "Eichner, Christian"]
[Result "1/2-1/2"]
[WhiteElo "1802"]
[BlackElo "2067"]
[PlyCount "86"]
[EventDate "2016.??.??"]
[WhiteTeam "Vorw.Orient Mainz"]
[BlackTeam "SV TuR Dresden"]

1. c4 e5 2. Nc3 Nf6 3. g3 d5 4. cxd5 Nxd5 5. Bg2 Be6 6. d3 Nc6 7. Nf3 Be7 8.
O-O O-O 9. a3 f5 10. Qc2 Bf6 11. e4 Nb6 12. Rd1 a5 13. Be3 Nd4 14. Bxd4 exd4
15. e5 Be7 16. Ne2 c5 17. Nf4 Qd7 18. Nd2 Rab8 19. Nb3 c4 20. dxc4 Bxc4 21.
Rxd4 Qa4 22. Rxc4 Nxc4 23. Bd5+ Kh8 24. Qxc4 b5 25. Qc7 Rfd8 26. Qxe7 Rxd5 27.
Nxd5 Qxb3 28. Ne3 f4 29. Nf5 Rg8 30. Nd6 h6 31. Nf7+ Kh7 32. gxf4 Qxb2 33. Rd1
Qe2 34. Qd7 Rf8 35. Qd3+ Qxd3 36. Rxd3 Rxf7 37. Rd5 b4 38. axb4 axb4 39. e6
Rxf4 40. Re5 b3 41. e7 b2 42. Re1 Re4 43. Rb1 Rxe7 1/2-1/2

[Event "Sparkassen-Open A"]
[Site "Heusenstamm, Martinsee"]
[Date "2016.11.27"]
[Round "1.70"]
[White "Kreiling, Carsten"]
[Black "Jordake, Michael"]
[Result "1/2-1/2"]
[WhiteElo "2065"]
[BlackElo "1802"]
[PlyCount "45"]
[EventDate "2016.??.??"]
[WhiteTeam "SVG Eppstein"]
[BlackTeam "SC Bergen-Enkheim"]

1. d4 Nf6 2. c4 e5 3. dxe5 Ng4 4. e4 Nxe5 5. f4 Nec6 6. Be3 Bb4+ 7. Nc3 Qh4+ 8.
g3 Bxc3+ 9. bxc3 Qe7 10. Bd3 Na6 11. Nf3 Nc5 12. e5 Nxd3+ 13. Qxd3 b6 14. O-O
Bb7 15. f5 h6 16. f6 Qf8 17. fxg7 Qxg7 18. c5 O-O-O 19. cxb6 axb6 20. Bd4 Qg6
21. Qe2 Qe6 22. Nh4 Qd5 23. Qf3 1/2-1/2

[Event "Sparkassen-Open A"]
[Site "Heusenstamm, Martinsee"]
[Date "2016.11.27"]
[Round "1.71"]
[White "Lanz, Udo"]
[Black "Bordin, Igor"]
[Result "0-1"]
[WhiteElo "1802"]
[BlackElo "2063"]
[PlyCount "66"]
[EventDate "2016.??.??"]
[WhiteTeam "VSG Offenbach"]
[BlackTeam "SC Fehrbach"]

1. e4 e5 2. Nf3 Nf6 3. Nc3 Nc6 4. Bb5 Bb4 5. d3 d6 6. a3 Bxc3+ 7. bxc3 O-O 8.
Bg5 h6 9. Bh4 g5 10. Bxc6 bxc6 11. Nxg5 hxg5 12. Bxg5 Kh7 13. f4 exf4 14. Qf3
Rg8 15. Qxf4 Rxg5 16. Qxg5 Be6 17. O-O Ng8 18. Qh5+ Kg7 19. Rf3 Ne7 20. Raf1
Ng6 21. h3 Rb8 22. Qa5 Rb2 23. R1f2 Rb1+ 24. Kh2 Ne5 25. Rg3+ Kf8 26. c4 Ng4+
27. hxg4 Qh4+ 28. Rh3 Qxf2 29. Qg5 f6 30. Qh6+ Ke7 31. Rf3 Qg1+ 32. Kg3 Qd4 33.
Rf5 Bxf5 0-1

[Event "Sparkassen-Open A"]
[Site "Heusenstamm, Martinsee"]
[Date "2016.11.27"]
[Round "1.72"]
[White "Flach, Erich"]
[Black "Paeslack, Luis"]
[Result "1-0"]
[WhiteElo "2062"]
[BlackElo "1796"]
[PlyCount "87"]
[EventDate "2016.??.??"]
[WhiteTeam "SK Langen"]
[BlackTeam "SK Mainaschaff"]

1. c4 c5 2. Nc3 g6 3. g3 Nc6 4. Bg2 Bg7 5. Nf3 e6 6. a3 Nge7 7. Rb1 d5 8. O-O
dxc4 9. Qa4 O-O 10. Qxc4 b6 11. b4 cxb4 12. axb4 Bb7 13. b5 Na5 14. Qa4 Rc8 15.
Rb4 Nd5 16. Nxd5 Bxd5 17. d3 Qc7 18. Be3 Qc2 19. Nd4 Bxd4 20. Rxd4 Qxa4 21.
Rxa4 Bxg2 22. Kxg2 Rc2 23. Kf3 Rb2 24. Rc1 Rxb5 25. Rc7 Ra8 26. g4 Rd5 27. Bh6
e5 28. Ke4 Rb5 29. f4 exf4 30. Kxf4 f5 31. h3 Rd5 32. e4 Rxd3 33. exf5 gxf5 34.
h4 fxg4 35. Kxg4 Rad8 36. Rg7+ Kh8 37. Rxa7 R3d4+ 38. Rxd4 Rxd4+ 39. Kf5 Rd8
40. Bg5 Nc6 41. Bf6+ Kg8 42. Rg7+ Kf8 43. Rxh7 Rd5+ 44. Ke6 1-0

[Event "Sparkassen-Open A"]
[Site "Heusenstamm, Martinsee"]
[Date "2016.11.27"]
[Round "1.73"]
[White "Bunjaku, Lulzim"]
[Black "Marzahn, Heiko"]
[Result "0-1"]
[WhiteElo "1788"]
[BlackElo "2059"]
[PlyCount "70"]
[EventDate "2016.??.??"]
[WhiteTeam "SC Heusenstamm"]
[BlackTeam "Sfr. Erbach"]

1. f4 d5 2. Nf3 Nf6 3. e3 g6 4. b3 Bg7 5. Bb2 O-O 6. Be2 c5 7. d3 Nc6 8. Nbd2
Ng4 9. Bxg7 Nxe3 10. Qc1 Kxg7 11. g3 e5 12. Nf1 Qa5+ 13. c3 exf4 14. Nxe3 fxe3
15. O-O Bh3 16. Re1 d4 17. b4 cxb4 18. cxd4 Rfe8 19. Qb2 Qd5 20. Rac1 Be6 21.
Rc4 Rad8 22. Rec1 Kg8 23. R1c2 Qd6 24. Rc5 Nxd4 25. Nxd4 Qxd4 26. Qxd4 Rxd4 27.
Rb5 Bd5 28. Rb2 Rc8 29. Rxd5 Rxd5 30. Rxb4 Rc2 31. Kf1 Rf5+ 32. Ke1 Rf2 33. Bd1
Rc1 34. Re4 Rd2 35. Rxe3 Rcxd1# 0-1

[Event "Sparkassen-Open A"]
[Site "Heusenstamm, Martinsee"]
[Date "2016.11.27"]
[Round "1.74"]
[White "Rolf, Marco"]
[Black "Donecker, Stefan"]
[Result "1-0"]
[WhiteElo "2055"]
[BlackElo "1788"]
[PlyCount "63"]
[EventDate "2016.??.??"]
[WhiteTeam "SK Bad Homburg"]
[BlackTeam "TuS Dotzheim"]

1. d4 d5 2. c4 Nc6 3. Nf3 Bg4 4. cxd5 Bxf3 5. exf3 Qxd5 6. Be3 e5 7. Nc3 Bb4 8.
dxe5 Bxc3+ 9. bxc3 Qxe5 10. Qb3 Nge7 11. f4 Qf6 12. Be2 O-O 13. O-O b6 14. Bf3
Rad8 15. Rad1 Nf5 16. Bc1 Na5 17. Qa4 Qxc3 18. Be4 Rd4 19. Rxd4 Nxd4 20. Be3 c5
21. f5 Nc4 22. Bg5 Nd6 23. Bd5 N6xf5 24. Qxa7 h6 25. Be3 Nxe3 26. fxe3 Qxe3+
27. Kh1 Qd3 28. Rxf7 Rxf7 29. Qxf7+ Kh7 30. Qg8+ Kg6 31. Qf7+ Kh7 32. h4 1-0